000 00660nam a2200277Ia 4500
005 20260324150000.0
008 008 260324s9999 xx 000 0 eng d
020 _a9781032644950
037 _aEBOOK
040 _aCRL
040 _beng
040 _cCRL
041 _2eng
041 _aeng
084 _qCRL
100 _aG. Smol; M.P.R. Hamer; M.T. Hills
_91224857
245 0 _aTelecommunications: A Systems Approach
260 _bTaylor and Francis
260 _c1976
365 _a
365 _b160
856 _uhttp://www.taylorfrancis.com/books/9781032644950
942 _cEBOOK
999 _c1833547
_d1833547